Pokédex challenge 2ème génération - Statistiques

Statistiques générales
  • Ce quiz a été pris 3 287 fois
  • Le résultat moyen est 61 sur 100
Statistiques - réponses
Numéro Nom % Correct
155 Hericendre
95%
152 Germignon
94%
158 Kaiminus
94%
160 Aligatueur
92%
157 Typhlosion
91%
156 Feurisson
90%
250 Lugia
90%
154 Meganium
90%
251 Ho-oh
88%
153 Macronium
88%
159 Crocrodil
87%
245 Entei
86%
246 Suicune
86%
244 Raikou
85%
252 Celebi
83%
163 Hoothoot
79%
161 Fouinette
78%
162 Fouinar
77%
164 Noarfang
77%
197 Noctali
77%
196 Mentali
76%
172 Pichu
76%
208 Steelix
76%
249 Tyranocif
75%
240 Elekid
73%
247 Embrylex
72%
180 Lainergie
72%
241 Magby
72%
181 Pharamp
72%
248 Ymphect
69%
173 Melo
68%
175 Togepi
68%
212 Cizayox
66%
242 Ecremeuh
66%
167 Mimigal
66%
168 Migalos
65%
169 Nostenfer
65%
174 Toudoudou
65%
179 Wattouat
65%
229 Demolosse
64%
176 Togetic
64%
230 Hyporoi
63%
228 Malosse
63%
165 Coxy
60%
185 Simularbre
60%
201 Zarbi
60%
166 Coxyclaque
59%
198 Cornebre
58%
239 Lippouti
58%
199 Roigada
57%
238 Kapoera
56%
237 Debugant
55%
200 Feuforeve
54%
214 Scarhino
54%
182 Joliflor
53%
220 Marcacrin
53%
186 Tarpaud
53%
184 Azumarill
52%
221 Cochignon
52%
183 Marill
52%
177 Natu
52%
178 Xatu
52%
189 Cotovol
51%
188 Floravol
51%
243 Leuphorie
51%
204 Pomdepik
51%
227 Airmure
50%
215 Farfuret
50%
194 Axoloto
49%
232 Donphan
49%
187 Granivol
49%
192 Heliatronc
49%
205 Foretress
48%
171 Lanturn
48%
170 Loupio
48%
195 Maraiste
48%
231 Phanpy
48%
217 Ursaring
48%
223 Remoraid
47%
191 Tournegrin
47%
235 Cerfrousse
46%
226 Demanta
46%
203 Girafarig
46%
206 Insolourdo
46%
216 Teddiursa
46%
234 Porygon2
45%
218 Limagma
44%
224 Octillery
44%
207 Scorplane
44%
202 Qulbutoke
43%
219 Volcaropod
43%
190 Capumain
42%
225 Cadoizo
40%
211 Qwilfish
39%
213 Caratroc
38%
210 Granbull
38%
236 Queulorior
38%
193 Yanma
38%
222 Corayon
36%
209 Snubbull
36%
Aucun quiz correspondant
Distribution des résultats
% des personnes avec chaque résultat
Percentile par nombre de réponses
Votre historique - résultats
Vous n’avez pas pris ce quiz